|
|
|
|
| LEADER |
00000cam a2200000 7i4500 |
| 001 |
0000000256 |
| 005 |
20000725.0 |
| 020 |
0 |
0 |
|a 9971692074
|
| 090 |
0 |
0 |
|a R584.32
|b KEN 1998
|
| 100 |
1 |
0 |
|a KENG
|h Hsuan
|c 1923-
|
| 245 |
1 |
4 |
|a The concise flora of Singapore
|c Hsuan Keng, S.C. Chin & H.T.W. Tan; with illustrations by Ro-Siu Ling Keng. Vol. 2, Monocotyledons
|
| 260 |
0 |
0 |
|a Singapore :
|b Singapore University Press ; National Press Board ,
|c 1998
|
| 300 |
|
|
|a xix, 215 p. :
|b ill. ;
|c 25 cm.
|
| 650 |
0 |
0 |
|a Monocotyledons
|z Singapore
|x Classification
|
| 650 |
0 |
0 |
|a Monocotyledons
|z Singapore
|x Identification
|
| 650 |
0 |
0 |
|a Plants
|z Singapore
|x Classification
|
| 650 |
0 |
0 |
|a Plants
|z Singapore
|x Identification
|
| 700 |
0 |
1 |
|a Chin
|h See-chung
|
| 700 |
0 |
1 |
|a Tan
|h H. T. W.
|
| 999 |
|
|
|a 0000001433
|b Monograph
|c Reference
|e Default branch
|